| 000 -ლიდერი |
| ფიქსირებული სიგრძის საკონტროლო ველი |
01382nam a2200277Ia 4500 |
| 001 - საკონტროლო ნომერი |
| საკონტროლო ველი |
22270 |
| 003 - საკონტროლო ნომრის იდენტიფიკატორი |
| საკონტროლო ველი |
GE_BSU |
| 005 - ბოლო ოპერაციის თარიღი და დრო |
| საკონტროლო ველი |
20230824172126.0 |
| 008 - ფიქსირებული სიგრძის მონაცემთა ელემენტები - ზოგადი ინფორმაცია |
| ფიქსირებული სიგრძის საკონტროლო ველი |
181216s2010||||ge |||||||||||||| ||geo|| |
| 020 ## - წიგნის საერთაშორისო სტანდარტული ნომერი |
| International Standard Book Number |
9789941131776 |
| 040 ## - კატალოგიზაციის წყარო |
| Transcribing agency |
GE_BSU |
| 041 ## - ენის კოდი |
| Language code of text/sound track or separate title |
geo |
| 080 ## - უნივერსალური ათობითი კლასიფიკაციის ინდექსი |
| Universal Decimal Classification number |
81'24+655 ლ-76 |
| 100 ## - მთავარი ჩანაწერი - პიროვნების სახელი |
| Personal name |
ლო, ვივიენ |
| 9 (RLIN) |
16802 |
| 245 ## - ცნობა სათაურის შესახებ |
| Title |
ლინგვისტიკის ისტორია ევროპაში პლატონიდან 1600 წლამდე / |
| Statement of responsibility, etc |
ვივიენ ლო; რედაქტორი დალი გერმანიშვილი; ინგლისურიდან თარგმნა ლილი გოქსაძემ. |
| 264 ## - წარმოების, გამოცემის, დისტრიბუციის და სხვა ცნობები |
| გამოცემის, წარმოების, დისტრიბუციის... ადგილი |
თბილისი : |
| გამოცემის, წარმოების, დისტრიბუციის... სახელწოდება |
თბილისის უნ-ტის გამომცემლობა, |
| გამოცემის, წარმოების, დისტრიბუციის... თარიღი |
2010. |
| 300 ## - ფიზიკური აღწერა |
| Extent |
263 გვ. ; |
| Dimensions |
25 სმ. |
| 500 ## - ზოგადი შენიშვნა |
| General note |
პარალელური სათათაური ინგლისურ ენაზე |
| 653 ## - INDEX TERM--UNCONTROLLED |
| Uncontrolled term |
ლინგვისტიკა |
| 653 ## - INDEX TERM--UNCONTROLLED |
| Uncontrolled term |
ლინგვისტიკის ისტორია |
| 653 ## - INDEX TERM--UNCONTROLLED |
| Uncontrolled term |
ევროპა |
| 700 ## - ADDED ENTRY--PERSONAL NAME |
| Personal name |
გერმანიშვილი, დალი |
| Relator term |
რედაქტორი |
| 9 (RLIN) |
5061 |
| 700 ## - ADDED ENTRY--PERSONAL NAME |
| Personal name |
გოქსაძე, ლილი |
| Relator term |
მთარგმნელი |
| 9 (RLIN) |
16803 |
| 942 ## - ADDED ENTRY ELEMENTS (KOHA) |
| Koha item type |
წიგნი |
| Source of classification or shelving scheme |
|